000 00457nam a2200193Ia 4500
001 2495
008 140314s9999 xx 000 0 und d
020 _a0071134417
040 _cPK-LaUMT
082 _a 657.046
_bLAR-M
100 _aLarsen, E. John
245 _aModern advanced accounting
_cLarsen, E. John
250 _a6th
260 _aNew York,USA:
_bMcGraw-Hill,
_c1994
300 _a970 p.
546 _aEN
650 _aAccounting
942 _cBK
999 _c2805
_d2805